Vista normal
Vista MARC
Entrada Topical Term
Número de registros utilizados en: 1
001 - CONTROL NUMBER
- control field: 38616
003 - CONTROL NUMBER IDENTIFIER
- control field: OSt
005 - DATE AND TIME OF LATEST TRANSACTION
- control field: 20210721151839.0
008 - FIXED-LENGTH DATA ELEMENTS
- fixed length control field: 210721|| aca||aabn | a|a d
040 ## - CATALOGING SOURCE
- Original cataloging agency: OSt
- Transcribing agency: OSt
150 ## - HEADING--TOPICAL TERM
- Topical term or geographic name entry element: Instituciones financieras---- etc.
- Form subdivision: Congresos, conferencias,
- Geographic subdivision: Colombia
670 ## - SOURCE DATA FOUND
- Source citation: Work cat.: (OSt)11978: Simposio sobre Mercado de Capitales (1979 : Cali) 38615, El sector financiero en los años ochenta /, 1979.